00185nam a22000857a 4500082001500000100001700015245002100032260003800053300000800091 a005.133KAM aKamthane A N aProgramming in C aNew DelhibPearson educationc203 a658